Music Quiz

Random Music Quiz

Rodney Atkins Lyrics Quiz Stats

 Plays Quiz not verified by Sporcle

Challenge
Share
Tweet
Embed
Score 0/22 Timer 10:00
0 Plays Today
Lyrics Title % Correct
She was just gettin' home from Panama city she was all tanned up and my kinda pretty Farmer's Daughter
92.2%
His fries went a flying and his orange drink covered his lap Well then my four year old said a four letter word That started with 's' and I was concerned So I said son now now wherWatching You
66.1%
I don't remember all that spanish Or the gettysburg address But there is one speech from high school I'll never forgotCleaning This Gun
52.2%
We got some discount knowledge at the junior college Where we majored in beer and girls It was all real funny 'til we ran out of money And they threw us out into the worldThese Are My People
43.5%
Later on when I got home, I flipped the TV on I saw a little town that some big twister tore apart And people came from miles around just to help their neighbors outIt's America
41.7%
Felt a hundred different deamons breathin' fire down my back And I knew that if I stumbled I'd fall right into the trap That they were layin'If You're Going Through Hell
33%
And it's who left the popsicle on the couch Don't let that dog lick it in the mouth Chasin' Girls
22.6%
Yeah man, talking about Internationals John Deeres, Massey Fergusons Whatever you got, we don't discriminateFriends With Tractors
20.9%
Well that color on his arms and neck aint from no tannin bed, Leaves no doubt bout where he stand on a chevy, or tha lord, Tell A Country Boy
20%
And as they headed down my way, I saw his military hair cut and the new scars on his face Right then I knew what brought him to this placeThe River Just Knows
19.1%
So I followed that last car down to the church Took off my ball cap, tucked in my shirt I just had to see what kind of life could cause such as traffic jamWhen It's My Time
18.3%
Lyrics Title % Correct
He said he wasn't going out with us guys on Friday night Yeah, he was gonna change for his new found flame to keep her satisfied And I just laughed and said, 'Hey man, well go ahea15 Minutes
18.3%
Fried pickles, drunk chicken, craw fishing in the creek Wild turkey, deer jerky tough as Tarzan's feet Hot women skinny swimmin', barely belly button deepAbout The South
18.3%
Father's son's and the holy ghost Open hearts and unlocked doors A way of life worth dying (fighting) forIn The Middle
16.5%
She said. 'it's not about living another man's life It's about seeing your own differently Oh this home that I love and my children What more could one man hope to yieldA Man On A Tractor
15.7%
Man, ain't it awesome? You can hit Talladega Drink you a beer with the fan of the driver You've always hated and probably always willGot It Good
13%
Said 'dave, don't you dare let me drive' In the middle of this bottle I drank my train of thought off track So I've gotta stop drinking or start rethinking my reason for throwing tWasted Whiskey
13%
He said I wished you and Jesus would get off my back They said his truck was doing 90 when he crashed I bet it gets so quiet in heaven sometimes Angel's Hands
12.2%
We got the biggest dog you ever saw Sprawled on the porch coolin' off Down at our place, His name is Ace Simple Things
11.3%
Football, alcohol, power tools, bird dogs Gentlemen start your engines Pool tables, honky tonks, blackjack, Haggard songs Seventh game extra innin'sBest Things
11.3%
And hearing you say you want to try us again Believe me it ain't easy being this cool But too many times girl I've been your fool And I know I'd just end up here again Invisibly Shaken
10.4%
I wanna live with no excuses And love with no regrets Take the bad with the good And know I did my bestRockin' Of The Cradle
7.8%

You're not logged in!

Compare scores with friends on all Sporcle quizzes.
OR
Log In

You Might Also Like...

Show Comments

Extras

Created May 9, 2011ReportNominate
Tags:rodney

Top Quizzes Today


Score Distribution

Your Account Isn't Verified!

In order to create a playlist on Sporcle, you need to verify the email address you used during registration. Go to your Sporcle Settings to finish the process.

Report this User

Report this user for behavior that violates our Community Guidelines.

Details: